00719 a2200193 450000100060000002000150000604000220002110000210004324000280006424500230009230000080011536200090012365000230013294200070015595201130016295201160027595201170039199900170050856482 a8520902855 cAnchieta - Pituba aCorrè‚a, Silvia10aUm mundo diferentelpor10aUm mundo diferente a1280 a1991 4aLiteratura juvenil cBK 00104070a91.1b91.1d2023-11-21l0oLJ 028.5 C824m COR MUNp5960/PITr2023-11-21 18:23:57w2023-11-21yBK 00102udc4070a39.1b39.1d2024-08-13l0o028.5 C824mp6819/CCPr2024-08-13 17:14:43tEx. 1w2024-08-13yBKu 00102udc4070a39.1b39.1d2024-08-13l0o028.5 C824mp12099/CCPr2024-08-13 17:14:43tEx. 2w2024-08-13yBKu c56482d56482